Normal view
MARC view
- Lorric Moore
Entry Personal Name
001 - CONTROL NUMBER
- control field: 27573
003 - CONTROL NUMBER IDENTIFIER
- control field: NUST
005 - DATE AND TIME OF LATEST TRANSACTION
- control field: 20200114160839.0
008 - FIXED-LENGTH DATA ELEMENTS
- fixed length control field: 200114|| aca||aabn | a|a d
040 ## - CATALOGING SOURCE
- Original cataloging agency: NUST
- Transcribing agency: NUST
100 ## - HEADING--PERSONAL NAME
- Personal name: Lorric Moore
670 ## - SOURCE DATA FOUND
- Source citation: Work cat.: (NUST): Lorric Moore , Birds of America
